[Event "Uppsala op"]
[Site "Uppsala"]
[Date "2023.08.12"]
[Round "6"]
[White "Bergman, Nils"]
[Black "Lind Berteusen, Alvin"]
[Result "0-1"]
[WhiteElo "1805"]
[BlackElo "2015"]
[PlyCount "106"]
[EventDate "2023.08.07"]
[EventType "swiss"]
[EventRounds "7"]
[EventCountry "SWE"]
[SourceTitle "CBM 215 Extra"]
[Source "ChessBase"]
[SourceDate "2023.09.30"]
[SourceVersion "1"]
[SourceVersionDate "2023.09.30"]
[SourceQuality "1"]

1. e4 c5 2. d4 cxd4 3. c3 Nf6 4. e5 Nd5 5. Nf3 e6 6. cxd4 d6 7. a3 Bd7 8. Bd3 dxe5 9. dxe5 Be7 10. 0-0 0-0 11. Re1 Nc6 12. Qe2 Qb6 13. Qe4 g6 14. Nbd2 Rfd8 15. Nc4 Qc7 16. Bg5 Be8 17. Rac1 Bxg5 18. Nxg5 Qe7 19. Qh4 h5 20. Bb1 b5 21. Nd6 Na5 22. Qg3 Nb7 23. Nge4 a6 24. Ba2 Kg7 25. f4 Nxd6 26. Nxd6 Qa7+ 27. Kh1 Qd4 28. f5 Qxb2 29. Bxd5 exd5 30. f6+ Kh7 31. Qc3 Qxc3 32. Rxc3 Ra7 33. Rd1 g5 34. h3 Kg6 35. Rxd5 Bd7 36. Kg1 Be6 37. Rdc5 Raa8 38. Rc2 Rdb8 39. Rb2 Rb6 40. a4 b4 41. a5 Rbb8 42. Rc7 b3 43. Kf2 Rb4 44. Ke3 Ra4 45. Rc5 Ra2 46. Rxa2 bxa2 47. Rc1 Rb8 48. Ra1 Rb1 49. Rxa2 Bxa2 50. Kd4 g4 51. hxg4 hxg4 52. Kc5 g3 53. Ne4 Rb5+ 0-1

[Event "Uppsala op"]
[Site "Uppsala"]
[Date "2023.08.10"]
[Round "4"]
[White "Akeborg, Jonatan"]
[Black "Bergman, Nils"]
[Result "0-1"]
[WhiteElo "1671"]
[BlackElo "1805"]
[PlyCount "70"]
[EventDate "2023.08.07"]
[EventType "swiss"]
[EventRounds "7"]
[EventCountry "SWE"]
[SourceTitle "CBM 215 Extra"]
[Source "ChessBase"]
[SourceDate "2023.09.30"]
[SourceVersion "1"]
[SourceVersionDate "2023.09.30"]
[SourceQuality "1"]

1. e4 Nf6 2. e5 Nd5 3. Nf3 d6 4. exd6 cxd6 5. d4 g6 6. c4 Nb6 7. Be3 Bg7 8. Qc2 Nc6 9. Nbd2 Bf5 10. Qb3 0-0 11. Bd3 Bxd3 12. Qxd3 e5 13. h4 d5 14. dxe5 Nxe5 15. Nxe5 Bxe5 16. Bxb6 Qxb6 17. cxd5 Qxb2 18. Rb1 Qxa2 19. Rxb7 Rfd8 20. Nb3 a5 21. h5 a4 22. hxg6 hxg6 23. Rh7 Kxh7 24. Rxf7+ Bg7 25. Qh3+ Kg8 26. Qe6 Qb1+ 27. Ke2 Qc2+ 28. Nd2 Rd6 29. Rxg7+ Kxg7 30. Qxd6 Re8+ 31. Kf3 Qxd2 32. Qd7+ Kf8 33. Qd6+ Kf7 34. Qc7+ Re7 35. Qf4+ Qxf4+ 0-1

[Event "Uppsala op"]
[Site "Uppsala"]
[Date "2023.08.09"]
[Round "3"]
[White "Bergman, Nils"]
[Black "Eriksson, Alexander"]
[Result "1-0"]
[WhiteElo "1805"]
[BlackElo "1546"]
[PlyCount "109"]
[EventDate "2023.08.07"]
[EventType "swiss"]
[EventRounds "7"]
[EventCountry "SWE"]
[SourceTitle "CBM 215 Extra"]
[Source "ChessBase"]
[SourceDate "2023.09.30"]
[SourceVersion "1"]
[SourceVersionDate "2023.09.30"]
[SourceQuality "1"]

1. e4 e5 2. Nf3 Nf6 3. Nc3 Bb4 4. Nd5 Nxd5 5. exd5 0-0 6. a3 Bc5 7. b4 Bb6 8. Bb2 e4 9. Ne5 d6 10. Nc4 Re8 11. Qh5 c6 12. Nxb6 axb6 13. Bc4 Qe7 14. 0-0 Nd7 15. f4 Nf6 16. Qg5 h6 17. Qg3 Bf5 18. Rae1 Rac8 19. d3 e3 20. Bd4 e2 21. Rf2 Nh5 22. Qf3 Qh4 23. g3 Qg4 24. Qxg4 Bxg4 25. dxc6 bxc6 26. Bxb6 Ra8 27. Ba5 d5 28. Bb3 d4 29. a4 Rab8 30. Kg2 Re3 31. Bc4 g5 32. fxg5 hxg5 33. b5 cxb5 34. axb5 Kg7 35. Rxf7+ Kg6 36. Rf2 Rh8 37. Bd2 Re7 38. h3 Bc8 39. Rexe2 Rxe2 40. Rxe2 Bxh3+ 41. Kg1 Nxg3 42. Rh2 g4 43. b6 Rf8 44. Rf2 Ra8 45. b7 Rb8 46. Bd5 Nf5 47. Bf4 g3 48. Bxb8 gxf2+ 49. Kxf2 Ne7 50. Be5 Nxd5 51. b8Q Be6 52. Bxd4 Kf7 53. c4 Ne7 54. c5 Nf5 55. Qe5 1-0